000
00307nam a22001217a 4500
082
_a
823
_b
PAI/K
100
_a
PAI, ANAND
245
_a
KARTTIKEYA: A SON OF SHIVA
246
_a
KARTTIKEYA: A SON OF SHIVA
_b
KARTTIKEYA: A SON OF SHIVA
260
_a
MUMBAI
_b
AMARCHITHRA KATHA
_c
2022
300
_a
31
942
_c
BK
999
_c
8622
_d
8622